000 00202nam a22001097a 4500
082 _a821
_bMAH/R
245 _aRHYMES
260 _aSIVAKASI
_bMAHESH ARTS
300 _a32
650 _aRHYMES
942 _cBK
999 _c3905
_d3905